| 000 | 00344nam a22001337a 4500 | ||
|---|---|---|---|
| 040 | _cNUST | ||
| 082 | _a891.4391,AMJ | ||
| 100 |
_aamjad, islam amjad _99447 |
||
| 245 |
_aChao /چھاوٰں (urdu)/ _camjad islam amjad |
||
| 260 |
_aLahore _bDua Pub _c2001 |
||
| 300 | _a300 p.; | ||
| 650 | _aUrdu Literature | ||
| 942 |
_2ddc _cBK _k891.4391,AMJ |
||
| 999 |
_c593624 _d593624 |
||